| 000 | 00467cam a2200193ua 4500 | ||
|---|---|---|---|
| 001 | 10633 | ||
| 005 | 20260515114638.0 | ||
| 008 | 190322n ii |||gr||||Z||||||eng | ||
| 020 | _a9789325982291 | ||
| 040 | _cMAIN | ||
| 082 | _a658.15 | ||
| 100 |
_aI M Pandey, _eAuthor. |
||
| 245 | _aFinancial management | ||
| 250 | _a11th ed. | ||
| 260 |
_aNew Delhi: _bVikas publishing house pvt ltd, _c2015. |
||
| 300 | _a921p. | ||
| 653 | _aGeneral management | ||
| 942 | _cBK | ||
| 999 |
_c9595 _d9595 |
||